| 000 | 00446nam a2200181Ia 4500 | ||
|---|---|---|---|
| 008 | 231222s2023 xx 000 0 und d | ||
| 041 | _aeng | ||
| 082 | _a612/PRA | ||
| 100 | _aDr.Mahesh Prasad | ||
| 245 | _aA Practical Book of Human Anatomy and Physiology -I | ||
| 250 | _a9 th Jan | ||
| 260 |
_bNirali Prakashan _c2023 |
||
| 300 | _a15p | ||
| 365 | _cRS | ||
| 500 | _aR | ||
| 650 | _aHuman Anatomy & Physiology | ||
| 906 | _aB.Pharam | ||
| 999 |
_c1007019 _d1007019 |
||